SQL Development and Management in Virtual Reality

Na minha lista:
Detalhes bibliográficos
Autor principal: Kapusta, Jerguš (Author)
Outros Autores: Vincúr, Juraj (Thesis advisor)
Formato: Manuscrito Livro
Idioma:eslovaco
inglês
Publicado em: 2025
Assuntos:
Acesso em linha:http://is.stuba.sk/zp/portal_zp.pl?podrobnosti=183591
Tags: Adicionar Tag
Sem tags, seja o primeiro a adicionar uma tag!

MARC

LEADER 00000ntm a22000003a 4500
001 stuzp105776
003 SK-STU
005 20250607211546.8
007 ta
008 150427s2015----xo-----f-mn---000-0-slo-d
040 |a STU  |b slo 
041 0 |a eng 
100 1 |a Kapusta, Jerguš  |u 070200  |4 aut  |U FIIT Fakulta informatiky a informačných technológií  |T FIIT Ústav informatiky, informačných systémov a softvérového inžinierstva  |X 102980  |U I200  |Y 179  |7 102980 
242 0 1 |a SQL Vývoj a Manažment v Rozšírenej Realite  |y slo 
245 1 0 |a SQL Development and Management in Virtual Reality 
260 |c 2025 
650 4 |a SQL  |2 eng 
650 4 |a databases  |2 eng 
650 4 |a Virtual Reality  |2 eng 
650 4 |a SQL  |2 slo 
650 4 |a Virtuálna realita  |2 slo 
650 4 |a Databázy  |2 slo 
700 1 |a Vincúr, Juraj  |u 070200  |k Z1  |4 ths  |U FIIT Fakulta informatiky a informačných technológií  |T FIIT Ústav informatiky, informačných systémov a softvérového inžinierstva  |X 5783  |U I200  |Y 179  |7 A000005783 
856 4 |u http://is.stuba.sk/zp/portal_zp.pl?podrobnosti=183591